LIBRARY & INFORMATION CENTRE, KCAET, TAVANUR

ONLINE PUBLIC ACCESS CATALOGUE (OPAC)

Energy, irrigation and water supply / (Record no. 14350)

MARC details
000 -LEADER
fixed length control field 00362nam a22001457a 4500
003 - CONTROL NUMBER IDENTIFIER
control field OSt
008 - FIXED-LENGTH DATA ELEMENTS--GENERAL INFORMATION
fixed length control field 241111b |||||||| |||| 00| 0 eng d
020 ## - INTERNATIONAL STANDARD BOOK NUMBER
ISBN 9789382226659
082 ## - DEWEY DECIMAL CLASSIFICATION NUMBER
Classification number 631.587
Item number HAR/EN
100 ## - MAIN ENTRY--AUTHOR NAME
Personal name Harris, Aaron
245 ## - TITLE STATEMENT
Title Energy, irrigation and water supply /
260 ## - PUBLICATION, DISTRIBUTION, ETC. (IMPRINT)
Place of publication New Delhi
Name of publisher Random Exports
Year of publication 2013
300 ## - PHYSICAL DESCRIPTION
Number of Pages 304
942 ## - ADDED ENTRY ELEMENTS (KOHA)
Koha item type Books
Holdings
Withdrawn status Lost status Damaged status Collection code Home library Current library Shelving location Date acquired Source of acquisition Cost, normal purchase price Full call number Accession Number Koha item type
        KAUAET KAUAET General Stacks 21/06/2016 Ganesh Book Centre Trivandrum 1495.00 628.04 HAR/EN 24585 Books
        KAUAET KAUAET Shelf- 13A 19/07/2016 Professional Book Centre, Kochin. 1495.00 631.587 HAR/EN 24266 Books
      General Books KAUAET KAUAET Shelf- 13A 25/08/2022   1495.00 631.587 HAR/EN 24851 Books
free website counter